Miasta w Polsce- dopasuj do podpowiedzi - Statystyki

Ogólne statystyki
  • Ten quiz został rozwiązany 64 razy
  • Średni wynik to 7 z 20
Statystyki odpowiedzi
Podpowiedź Miasto w Polsce % Poprawnych
Z powodu większości Niemieckiej po I wojnie światowej utworzono Wolne Miasto ____ Gdańsk
98%
W 1918 granica polsko-czechosłowacka przez Olzę podzieliła to miasto na dwie części Cieszyn
65%
Herb tego miasta przedstawia napis ''CK'' pod koroną Kielce
59%
Do 1945 roku część niemieckiego Frankfurtu nad Odrą pod nazwą ''Dammvorstadt'' Słubice
54%
Popularne miasto uzdrowiskowe pomiędzy Toruniem i Włocławkiem, bohater internetowych memów Ciechocinek
52%
Miasto pod Warszawą, o tej samej nazwie co popularne piwo Warka
48%
''Choć w momencie tworzenia województwa (1975) to Żyrardów był największym miastem w regionie, to jednak mniejsze od niego ___ zostały stolicą województwa.'' O jakim mieście mowa? Skierniewice
46%
Ośrodek lotnictwa wojskowego ze słynną Wyższą Szkołą Oficerską Sił Powietrznych, zwaną „Szkołą Orląt”. Dęblin
41%
Mniejsze od Radomia Radomsko
39%
Miasto w województwie łódzkim, słynne ze swoich term Uniejów
33%
Był największym miastem niedaleko fikcyjnych Wilkowyj w ''Ranczu'' Radzyń Podlaski
28%
Niemiecka nazwa tego miasto to ''Frankenstein'' Ząbkowice Śląskie
24%
__ Ruska na Ukrainie, a w Polsce __ ____ Rawa Mazowiecka
20%
Miasto wymienione w 1956 roku z ZSRR (Ukraińską SRR) za Krystynopol (dzisiaj Czerwonogród) Ustrzyki Dolne
17%
Spór mieszkańców tego miasta z mieszkańcami Świdwina doprowadził do ''wojny o krowę'' Białogard
11%
Jedyne miasto na Mazurach, które należało do II RP Działdowo
11%
Miasto na planie kwadratu z placem po środku, zniszczone podczas kampanii wrześniowej w około 90% Frampol
11%
Miasto rodzinne Mordechaja Anielewicza, bohatera powstania w getcie Warszawskim, położone nad Bugiem Wyszków
9%
Miasto, w którym wybuchło jedno z niewielu udanych powstań w historii Polski, co prawda mniej sławne od drugiego udanego- Wielkopolskiego Sejny
7%
Najbardziej zanieczyszczone miasto w Polsce Nowy Targ
6%
Nie znaleziono quizów pasujących do podanych kryteriów
Rozkład punktacji
Procent ludzi z każdym wynikiem
Percentyl według liczby udzielonych odpowiedzi
Twoja historia wyników
Nie rozwiązałeś tego quizu